| Tag |
First Indicator |
Second Indicator |
Subfields |
| LEADER |
00000cam a2200000 4500 |
| 001 |
in00000027562 |
| 005 |
20151007062641.0 |
| 008 |
750520s1951 nyua b 00000 eng u |
| 010 |
|
|
|a 51000530
|
| 035 |
|
|
|a (OCoLC)01347169
|
| 035 |
|
|
|9 AAD5453AM
|
| 040 |
|
|
|c DZM
|d TXA
|d UtOrBLW
|
| 049 |
|
|
|a TXAM
|c 1 [195073]
|c 2 [456084]
|
| 050 |
|
0 |
|a TR220
|b .C47
|
| 082 |
0 |
|
|a 770
|
| 092 |
|
|
|a 770
|b C443i
|
| 100 |
1 |
|
|a Chamberlain, Katherine McFarlane,
|d 1892-
|
| 245 |
1 |
3 |
|a An introduction to the science of photography.
|
| 264 |
|
1 |
|a New York :
|b Macmillan,
|c [1951]
|
| 300 |
|
|
|a xiii, 292 pages :
|b illustrations (part color) ;
|c 25 cm.
|
| 336 |
|
|
|a text
|b txt
|2 rdacontent
|
| 337 |
|
|
|a unmediated
|b n
|2 rdamedia
|
| 338 |
|
|
|a volume
|b nc
|2 rdacarrier
|
| 504 |
|
|
|a Includes bibliographies.
|
| 650 |
|
0 |
|a Photographic optics.
|
| 650 |
|
0 |
|a Photography.
|
| 999 |
|
|
|a MARS
|
| 999 |
f |
f |
|s 69fb98f9-c27f-3708-b9bf-992a13a4dac8
|i e343980a-bd8c-3f1d-807d-c294b4fb4c4e
|t 0
|
| 952 |
f |
f |
|p ric
|a Texas A&M University
|b Rellis Campus
|c Joint Library Facility
|d Remote Storage
|t 0
|e TR220 .C47
|h Library of Congress classification
|i unmediated -- volume
|m A14801159922
|
| 998 |
f |
f |
|a TR220 .C47
|t 0
|l Remote Storage
|